000
00210nam a22000857a 4500
008
161230b xxu||||| |||| 00| 0 eng d
100
_9
2242
_a
Singh.A
245
_a
Mathematics Lab-VIII
260
_a
New Delhi
_b
ESP
_c
2010
999
_c
5129
_d
5129